| 000 | 02058nam a22004097a 4500 | ||
|---|---|---|---|
| 001 | 0039581 | ||
| 003 | KOHA_MİRAKIL | ||
| 005 | 20260207003134.0 | ||
| 007 | ta | ||
| 008 | 130226b2006 tu a|||gr||||#||||0|tur | | ||
| 040 |
_aTR-BiSEU _btur _cTR-BiSEU _erda |
||
| 041 | 0 | _atur | |
| 044 | _ctu | ||
| 050 |
_aHG6024.9 _b.G65 2006 |
||
| 100 | 1 | _aGökçe, Gökçe Alp. | |
| 245 | 1 |
_aOpsiyon değerlemenin temelleri ve temel opsiyon değerleme modelleri ile stokastik değişkenliğin İMKB hisse senedi piyasaları'nda geçerliliklerinin araştırılması/ _cGökçe Alp Gökçe ; Gökçe Alp Gökçe. |
|
| 264 | 1 |
_aİstanbul : _bİktisadi Araştırmalar Vakfı _c2006 |
|
| 300 |
_a326 sayfa : _btbl. ; _c23 cm. |
||
| 336 |
_ametin _btxt _2rdacontent |
||
| 337 |
_aaracısız _bn _2rdamedia |
||
| 338 |
_acilt _bnc _2rdacarrier |
||
| 490 | 0 | _aİktisadi Araştırmalar Vakfı. | |
| 490 | 0 | _aTez değerlendirme yarışma dizisi | |
| 500 | _aİstanbul Üniversitesi Sosyal Bilimler Enstitüsü'nce kabul edilmiş Doktora tezidir. | ||
| 500 | _aKaynakça var. | ||
| 500 | _aÜnal Aysal Tez Değerlendirme yarışması 2006/1 | ||
| 505 |
_aÖNSÖZ...7 _xÖZET...9 _xABSTRACT...10 _xTABLOLAR VE ŞEKİLLER LİSTESİ...11 _xGİRİŞ...15 _xI.BÖLÜM _xTEMEL OPSİYON KAVRAMLARI...19-22 _xII.BÖLÜM _xOPSİYON DEĞERLEMENİN TEMELLERİ...25-48 _xIII.BÖLÜM _xTEMEL OPSİYON DEĞERLEME MODELLERİ VE RASSAL SÜREÇLER...62-170 _xIV.BÖLÜM _xTEMEL OPSİYON DEĞERLEME MODELLERİNİN İMKB HİSSE SENEDİ PİYASALARINDA GEÇERLİLİKLERİNİN ARAŞTIRILMASI...189-326 _xSONUÇ VE ÖNERİLER...277 _xKAYNAKÇA...291 _xÖZGEÇMİŞ...326 |
||
| 650 | 0 |
_aFinancial future--Turkey. _973561 |
|
| 650 | 0 |
_aFinancial future. _973562 |
|
| 650 | 0 |
_aOptions (finance)--Turkey. _973563 |
|
| 650 | 0 |
_aVadeli işlemler piyasası--Türkiye. _973564 |
|
| 650 | 0 |
_aVadeli işlemler. _96680 |
|
| 650 | 0 |
_aOpsiyonlar (finans)--Türkiye. _973565 |
|
| 830 | 0 |
_aİktisadi Araştırmalar Vakfı. _920178 |
|
| 830 | 0 |
_aTez değerlendirme yarışma dizisi _973566 |
|
| 942 |
_2lcc _cBK |
||
| 999 |
_c39459 _d39459 |
||